New writing & reporting for today’s media (Record no. 32957)

MARC details
000 -LEADER
fixed length control field 00512nam a2200193Ia 4500
020 ## - INTERNATIONAL STANDARD BOOK NUMBER
ISBN 9780071275828
050 ## - CALL MARK
Classification number PN 4781 .I88/
100 ## - STATEMENT OF RESPONSIBILITY--MAIN AUTHOR NAME
Personal name Itulu, Bruce D.
245 #0 - TITLE STATEMENT
Title New writing & reporting for today’s media
250 ## - EDITION / VOLUME STATEMENT
Edition / Volume statement 7th ed.
260 ## - PUBLICATION, DISTRIBUTION, ETC. (IMPRINT)
Place of publication New York
260 ## - PUBLICATION, DISTRIBUTION, ETC. (IMPRINT)
Name of publisher MaGraw-Hill Higher Education
260 ## - PUBLICATION, DISTRIBUTION, ETC. (IMPRINT)
Year of publication 2088
300 ## - PHYSICAL DESCRIPTION
Number of Pages 484 p
650 ## - SUBJECT ADDED ENTRY--TOPICAL TERM
Topical Term Reporters and reporting--Problems, exercises, etc.
942 ## - ADDED ENTRY ELEMENTS (KOHA)
Koha item type Books
Holdings
Withdrawn status Lost status Source of classification or shelving scheme Damaged status Not for loan Permanent Location Current Location Date acquired Accession Number Price effective from Koha item type
    Library of Congress Classification     NILE UNIVERSITY OF NIGERIA - MAIN LIBRARY NILE UNIVERSITY OF NIGERIA - MAIN LIBRARY 04/23/2025 0192205 04/23/2025 Books